| 000 | 00511nam a22001577a 4500 | ||
|---|---|---|---|
| 008 | 180205b xxu||||| |||| 00| 0 eng d | ||
| 020 | _a9715422888 | ||
| 082 |
_22001 _aDFil 899.211 _bP53 |
||
| 245 |
_aWhy Cats eat rats/ _cDamiana Eugenio [Compiler and editor]. |
||
| 260 |
_aQuezon City: _bUP Press, _cc2001. |
||
| 300 |
_apage 27; _c23 cm. |
||
| 500 | _aPhilippine folk literature: the folktales | ||
| 650 | 0 |
_926062 _aFolklore. |
|
| 650 | 0 |
_926063 _aPhilippine folk literature--Collections. |
|
| 942 |
_2ddc _cDFIL |
||
| 999 |
_c8414 _d8414 |
||